| Tag |
First Indicator |
Second Indicator |
Subfields |
| LEADER |
00000nam a2200000Ii 4500 |
| 001 |
in00004581613 |
| 006 |
m o d |
| 007 |
cr |n||||||||| |
| 008 |
180611s2012 fluab ob 001 0 eng d |
| 005 |
20220613175936.1 |
| 020 |
|
|
|a 9780429063022
|q (e-book : PDF)
|
| 035 |
|
|
|a (OCoLC)901273913
|
| 035 |
|
|
|a 9780429063022
|
| 040 |
|
|
|a FlBoTFG
|c FlBoTFG
|e rda
|
| 050 |
|
4 |
|a QA276.45.R3
|
| 072 |
|
7 |
|a MAT
|x 000000
|2 bisacsh
|
| 072 |
|
7 |
|a MAT
|x 029000
|2 bisacsh
|
| 072 |
|
7 |
|a PBT
|2 bicscc
|
| 082 |
0 |
4 |
|a 519.50285/5133
|2 23
|
| 100 |
1 |
|
|a Dennis, Brian,
|e author.
|
| 245 |
1 |
4 |
|a The R student companion /
|c by Brian Dennis.
|
| 250 |
|
|
|a First edition.
|
| 264 |
|
1 |
|a Boca Raton, FL :
|b Chapman and Hall/CRC, an imprint of Taylor and Francis,
|c 2012.
|
| 300 |
|
|
|a 1 online resource (360 pages) :
|b 73 illustrations
|
| 336 |
|
|
|a text
|b txt
|2 rdacontent
|
| 337 |
|
|
|a computer
|b c
|2 rdamedia
|
| 338 |
|
|
|a online resource
|b cr
|2 rdacarrier
|
| 505 |
0 |
|
|a chapter 1 Introduction: Getting Started with R -- chapter 2 R Scripts -- chapter 3 Functions -- chapter 4 Basic Graphs -- chapter 5 Data Input and Output -- chapter 6 Loops -- chapter 7 Logic and Control -- chapter 8 Quadratic Functions -- chapter 9 Trigonometric Functions -- chapter 10 Exponential and Logarithmic Functions -- chapter 11 Matrix Arithmetic -- chapter 12 Systems of Linear Equations -- chapter 13 Advanced Graphs -- chapter 14 Probability and Simulation -- chapter 15 Fitting Models to Data -- chapter 16 Conclusion-It Doesn't Take a Rocket Scientist.
|
| 520 |
3 |
|
|a R is the amazing, free, open-access software package for scientific graphs and calculations used by scientists worldwide. The R Student Companion is a student-oriented manual describing how to use R in high school and college science and mathematics courses. Written for beginners in scientific computation, the book assumes the reader has just some high school algebra and has no computer programming background.
|
| 650 |
|
7 |
|a MATHEMATICS / Probability & Statistics / General.
|2 bisacsh
|
| 650 |
|
0 |
|a Mathematical statistics
|x Data processing.
|
| 650 |
|
0 |
|a Probabilities.
|
| 650 |
|
7 |
|a MATHEMATICS
|v General.
|2 bisacsh
|
| 650 |
|
7 |
|a MATHEMATICS
|x Probability & Statistics
|v General.
|2 bisacsh
|
| 650 |
|
7 |
|a R (Computer program language).
|2 bisacsh
|
| 655 |
|
7 |
|a Electronic books.
|2 local
|
| 710 |
1 |
|
|a Taylor & Francis.
|
| 710 |
2 |
|
|a Taylor and Francis.
|
| 730 |
0 |
|
|a MATHnetBASE.
|
| 776 |
0 |
8 |
|i Print version:
|z 9781138469358
|
| 856 |
4 |
0 |
|u http://proxy.library.tamu.edu/login?url=https://www.taylorfrancis.com/books/9781439875414
|z Connect to the full text of this electronic book
|t 0
|
| 999 |
f |
f |
|s 20a24c39-c7c4-4d96-b1b4-58c5d07810c9
|i 20a24c39-c7c4-4d96-b1b4-58c5d07810c9
|t 0
|
| 952 |
f |
f |
|a Texas A&M University
|b College Station
|c Electronic Resources
|d Available Online
|t 0
|e QA276.45.R3
|h Library of Congress classification
|
| 998 |
f |
f |
|a QA276.45.R3
|t 0
|l Available Online
|